000
00245nam a22001217a 4500
008
190206b xxu||||| |||| 00| 0 eng d
041
_a
eng
080
_a
510
100
_a
38
101
_a
MAT
245
_a
Geometry
_c
Foster
942
_2
udc
_c
BK
999
_c
54098
_d
54098